| 000 | 00441nam a2200181Ia 4500 | ||
|---|---|---|---|
| 008 | 140306s9999 xx 000 0 und d | ||
| 020 | _a439116627 | ||
| 050 |
_aPZ 7 _b.G679Le 1996 |
||
| 100 | _aGosset, Rachel | ||
| 245 |
_aLegs / _cRachel Gosset |
||
| 260 |
_aUSA : _bScholastic Inc, _cc1996. |
||
| 300 |
_a8 p. : _bcol. Ill. ; _c16 cm. |
||
| 521 | _aG1 | ||
| 526 | _cBR | ||
| 650 |
_aLegs _xFiction. |
||
| 942 | _cBK | ||
| 999 |
_c42877 _d42877 |
||